00617nas a2200205 4500001001300000003000900013005001700022007000300039008003400042040005400076041000900130072000800139100001600147245006100163650002200224650001700246650001000263650002700273773011100300BR2016002158BR-BrBNA20231205130342.0ta230509b bl.|||p| |||| 00| 00por d aBR-BrBNAbporcBiblioteca Nacional de Agricultura a(Pt) aE111 aMello, P.F.1 aPobreza e desigualdade nos assentamentos rurais da Bahia aREFORMA AGRÁRIA aASSENTAMENTO aRENDA aPOLÍTICAS PÚBLICAS0 tRevista de Política Agrícola (Brazil)xISSN 1413-4969 g(Oct-Dec 2015), v. 24(4) p. 5-17wBR2016002158